[Event "RUS-Cup"]
[Site "Tula "]
[Date "1999.??.??"]
[Round "3"]
[White "Polovodin, Igor A"]
[Black "Tishin, P."]
[Result "1-0"]
[WhiteElo "2468"]
[BlackElo "2272"]

1.d4 d5 2.c4 dxc4 3.e4 e5 4.Nf3 Bb4+ 5.Nc3 exd4 6.Qxd4 Qxd4 7.Nxd4 Nf6 8.f3 a6
9.Bxc4 O-O 10.Be3 b5 11.Be2 c5 12.Nc2 Be6 13.a3 Bxc3+ 14.bxc3 Nbd7 15.Kf2 Rfc8
16.Bf4 Nb6 17.Ne3 Nh5 18.Bd6 Rc6 19.Rhd1 Bb3 20.Nf5 Bxd1 21.Ne7+ Kh8 22.Rxd1 Rxd6
23.Rxd6 Na4 24.Nd5 Nf6 25.Nc7 Ne8 26.Nxe8 Rxe8 27.c4 Nc3 28.Rxa6 Nxe2 29.Kxe2 bxc4
30.Ra4 g6 31.Rxc4 Ra8 32.a4 Kg7 33.e5 Kf8 34.Ke3 Ke7 35.Ke4 Ke6 36.f4 h5
37.g3 f6 38.exf6 Kd6 39.f5 Rf8 40.fxg6 Rxf6 41.g7 Rg6 42.Kd3 Rxg7 43.Rh4 Ra7
44.Kc3 Kc6 45.Rf4 Ra8 46.Kb3 Kd5 47.Rh4 Ra7 48.Rxh5+ Kd4 49.Kc2 c4 50.Rh4+ Kc5
51.Kc3 Rxa4 52.Rh5+ Kd6 53.Rg5 Ke6 54.h4 Kf6 55.Kd4 Ra8 56.Kxc4 Rd8 57.Kc5 Rd3
58.Rg8 Rd1 59.h5 Kf7 60.Rg6 Rh1 61.g4 Rd1 62.Kc6 Rd2 63.g5 Rh2 64.Rf6+ Kg8
65.h6 Rh4 66.Rf5 Rh1 67.Kd6 Kh7 68.Rf7+ Kg8 69.Rc7 Rg1 70.Rc5 Kf7 71.Re5 Rd1+
72.Kc5 Kg6 73.Rd5 Rc1+ 74.Kd4 Rd1+ 75.Ke4 Re1+ 76.Kf4 Rf1+ 77.Ke3 Re1+ 78.Kf2 Re8
79.Kf3  1-0

[Event "RUS-Cup"]
[Site "Tula "]
[Date "1999.??.??"]
[Round "8"]
[White "Skatchkov, Pavel"]
[Black "Donchenko, Anatoly G"]
[Result "1-0"]
[WhiteElo "2420"]
[BlackElo "2382"]

1.d4 d5 2.c4 dxc4 3.e4 Nf6 4.e5 Nd5 5.Bxc4 Nb6 6.Bb3 Nc6 7.Ne2 Bf5 8.Nbc3 e6
9.Be3 Qd7 10.O-O O-O-O 11.Rc1 f6 12.exf6 gxf6 13.Ng3 Bg6 14.Qf3 Na5 15.Nge4 Nxb3
16.Nxf6 Qf7 17.axb3 a6 18.Bf4 c6 19.Na4 Nd5 20.Nb6+  1-0

[Event "LTU-ch"]
[Site "Vilnius"]
[Date "1999.??.??"]
[Round "?"]
[White "Sarakauskas, Gediminas"]
[Black "Bucinskas, Valdas"]
[Result "1/2-1/2"]
[WhiteElo "2281"]
[BlackElo "2222"]

1.d4 d5 2.c4 dxc4 3.e4 Nf6 4.e5 Nd5 5.Bxc4 Nb6 6.Bb3 Nc6 7.Be3 Bf5 8.e6 Bxe6
9.Bxe6 fxe6 10.Nf3 Qd5 11.Nc3 Qf5 12.O-O O-O-O 13.Qb3 h6 14.Rac1 g5 15.Nb5 Bg7
16.Nxa7+ Nxa7 17.Qxb6 Nc6 18.Qb3 Rd5 19.h3 g4 20.hxg4 Qxg4 21.Rxc6 bxc6 22.Rc1 Rg8
23.Qa4 Bxd4 24.Qa8+ Kd7 25.Qxc6+ Kd8 26.Qa8+ Kd7 27.Qc6+ Kd8 28.Qa8+ Kd7
29.Qc6+  1/2-1/2

[Event "JUG-chT"]
[Site "Vrnjacka Banja"]
[Date "1999.??.??"]
[Round "1"]
[White "Beliavsky, Alexander G"]
[Black "Sakaev, Konstantin"]
[Result "1/2-1/2"]
[WhiteElo "2650"]
[BlackElo "2648"]

1.d4 d5 2.c4 dxc4 3.e4 Nf6 4.e5 Nd5 5.Bxc4 Nb6 6.Bb3 Nc6 7.Ne2 Bf5 8.a3 e6
9.Nbc3 Qd7 10.O-O O-O-O 11.Be3 h5 12.Bc2 h4 13.h3 f6 14.Bxf5 exf5 15.exf6 gxf6
16.Nf4 Bd6 17.Qf3 Bxf4 18.Qxf4 Ne7 19.Rac1 Ned5 20.Qf3 Rhg8 21.Nxd5 Qxd5
22.Qxd5 Nxd5 23.Bd2 Rge8 24.Rfe1 Re4 25.Rxe4 fxe4 26.Re1 Re8 27.g3 hxg3 28.fxg3 f5
29.Rf1 Rf8 30.Kf2 Kd7 31.Ke2 Ke6 32.Bg5 Rg8 33.h4 c6 34.Rc1 a6  1/2-1/2

[Event "JUG-chT (Women)"]
[Site "Vrnjacka Banja"]
[Date "1999.??.??"]
[Round "6"]
[White "Matveeva, Svetlana"]
[Black "Shumiakina, Tatiana"]
[Result "1/2-1/2"]
[WhiteElo "2411"]
[BlackElo "2352"]

1.d4 d5 2.c4 dxc4 3.e4 Nc6 4.Nf3 Bg4 5.Bxc4 e6 6.Be3 Bxf3 7.gxf3 Bb4+ 8.Nc3 Qh4
9.Qa4 Ne7 10.O-O-O Bxc3 11.bxc3 O-O 12.Qb5 b6 13.Rhg1 a6 14.Qg5 Qxg5 15.Rxg5 Na5
16.Be2 f6 17.Rgg1 Kf7 18.Kc2  1/2-1/2

[Event "JUG-chT"]
[Site "Vrnjacka Banja"]
[Date "1999.??.??"]
[Round "7"]
[White "Sakaev, Konstantin"]
[Black "Rublevsky, Sergei"]
[Result "1/2-1/2"]
[WhiteElo "2648"]
[BlackElo "2660"]

1.d4 d5 2.c4 dxc4 3.e4 e5 4.Nf3 exd4 5.Bxc4 Bb4+ 6.Nbd2 Nc6 7.O-O Nf6 8.e5 Nd5
9.Nb3 Nb6 10.Bg5 Be7 11.Bxe7 Qxe7 12.Bb5 Bd7 13.Bxc6 Bxc6 14.Nfxd4 Bd5 15.Qg4 O-O
16.f4 g6 17.Rae1 Bc4 18.f5 Bxf1 19.f6 Qb4 20.Qh4 Rfe8 21.a3 Qf8 22.e6 Bc4
23.e7 Rxe7 24.fxe7 Qe8 25.Nc5 Bd5 26.Qf6 Nd7 27.Nxd7 Qxd7 28.Nf5 gxf5 29.Qg5+ Kh8
30.Qf6+ Kg8 31.Re3 Bf3 32.Qg5+ Kh8 33.Qf6+ Kg8 34.gxf3 Re8 35.Qg5+ Kh8 36.Qf6+ Kg8
37.Qg5+ Kh8  1/2-1/2

[Event "Zaragoza op 11th"]
[Site "Zaragoza"]
[Date "1999.??.??"]
[Round "4"]
[White "Epishin, Vladimir"]
[Black "Mellado Trivino, Juan"]
[Result "1-0"]
[WhiteElo "2575"]
[BlackElo "2445"]

1.d4 d5 2.c4 dxc4 3.e4 Nf6 4.e5 Nd5 5.Bxc4 Nb6 6.Bb3 Bf5 7.Ne2 e6 8.Nbc3 Be7
9.O-O O-O 10.h3 c5 11.Be3 Nc6 12.dxc5 Nd7 13.g4 Bg6 14.f4 Nxc5 15.f5 exf5
16.gxf5 Bh5 17.f6 gxf6 18.exf6 Nxb3 19.fxe7 Qxe7 20.Nd5 Qe5 21.Qxb3 Bxe2
22.Rf2 Rad8 23.Rxe2 Qxd5 24.Bh6 Qc5+ 25.Qe3 Qxe3+ 26.Rxe3 f6 27.Bxf8 Kxf8
28.Rf1 Kf7 29.Rf2 Rd6 30.Kf1 Rd1+ 31.Kg2 Nd4 32.Rc3 Nc6 33.b4 Nxb4 34.Rb2 Nd5
35.Rxb7+ Ke6 36.Rf3 f5 37.Rxh7 f4  1-0

[Event "Corus Reserve Group"]
[Site "Wijk aan Zee NED"]
[Date "2000.01.26"]
[Round "6"]
[White "Strating,S"]
[Black "Floor,D"]
[Result "1-0"]
[WhiteElo "2334"]
[BlackElo "2278"]

1.d4 d5 2.c4 dxc4 3.e4 e5 4.Nf3 exd4 5.Bxc4 Bb4+ 6.Nbd2 Nc6 7.O-O Nf6 8.e5 Nd5
9.Nb3 Nb6 10.Bb5 O-O 11.Bxc6 bxc6 12.Bg5 Be7 13.Bxe7 Qxe7 14.Qxd4 Rd8 15.Qc3 Nd5
16.Qxc6 Bg4 17.Nbd4 Rab8 18.Qc2 Bxf3 19.Nxf3 Qb4 20.b3 Nf4 21.Rfe1 Nd3 22.Re3 Qc5
23.Qxc5 Nxc5 24.Rc1 Ne6 25.g3 c5 26.Kg2 Rb4 27.Rc2 a5 28.Nd2 a4 29.Ne4 axb3
30.axb3 Rd5 31.f4 h6 32.Rc1 Kh7 33.Nd6 Rd2+ 34.Kg1 Nd4 35.Rxc5 Nxb3 36.Rc4 Rb6
37.Ne4 Rb2 38.Nf2 Ra6 39.f5 Ra1+ 40.Kg2 Raa2 41.Rf4 Nc5 42.Rff3 Kg8 43.g4 Kf8
44.Kg3 Re2 45.h3 Ke8 46.Nd1 g5 47.fxg6 fxg6 48.Nc3 Rxe3 49.Rxe3 Rc2 50.Nd5 Kf7
51.Rf3+ Kg7 52.Ra3 Re2 53.Ra7+ Kf8 54.Nf4 Re1 55.Nxg6+ Kg8 56.Re7 Re3+ 57.Kg2 Re1
58.Kf2 Nd3+ 59.Kf3 Rh1 60.Kg3 Re1 61.e6 Nc5 62.Nf4 Re3+ 63.Kf2 Re4 64.Kf3 Re1
65.Ne2 Rf1+ 66.Kg2 Rf6 67.Re8+ Rf8 68.Rxf8+ Kxf8 69.Nd4 Ke7 70.Kf3 Nxe6 71.Nxe6 Kxe6
72.Kf4 Kf6 73.h4 Ke6 74.Ke4 Kf6 75.Kd5 Kg7 76.Ke5 Kf7 77.Kf5 Kg7 78.Ke6  1-0

[Event "Caissa Open"]
[Site "Kharkov UKR"]
[Date "2000.01.28"]
[Round "2"]
[White "Khodotov,J"]
[Black "Aniskovitch,A"]
[Result "1-0"]
[WhiteElo "2364"]
[BlackElo "2111"]

1.d4 d5 2.c4 dxc4 3.e4 c5 4.Nf3 Bg4 5.Bxc4 e6 6.Qa4+ Nc6 7.Ne5 Nf6 8.Bb5 Rc8
9.Nxc6 bxc6 10.Bxc6+ Nd7 11.d5 Qc7 12.O-O Rb8 13.Bd2 Rxb2 14.Ba5 Qc8 15.Na3 Ke7
16.Nc4 Nb6 17.Bxb6 Rxb6 18.Qxa7+  1-0

[Event "FSIMB February"]
[Site "Budapest HUN"]
[Date "2000.02.07"]
[Round "3"]
[White "Seres,L"]
[Black "Goczo,M"]
[Result "1-0"]
[WhiteElo "2394"]
[BlackElo "2250"]

1.d4 d5 2.c4 dxc4 3.e4 c5 4.d5 Nf6 5.Nc3 e6 6.Bxc4 exd5 7.Nxd5 Nxd5 8.Bxd5 Qc7
9.Ne2 Bd6 10.f4 O-O 11.O-O Nc6 12.Nc3 a6 13.Be3 Nd4 14.Kh1 Be6 15.e5 Bxd5
16.Nxd5 Qc6 17.Bxd4 Qxd5 18.Be3 Qxd1 19.Rfxd1 Be7 20.Rd7 Rfe8 21.Rxb7 Rab8
22.Rxb8 Rxb8 23.b3 Rd8 24.Kg1 Rd5 25.Kf2 g5 26.g3 f5 27.Ke2 Kf7 28.Rc1 Ke6
29.Rc4 a5 30.Bd2 gxf4 31.gxf4 Bd8 32.Bc3 Kd7 33.Ra4 Kc6 34.Bxa5 Bxa5 35.Rxa5 Rd4
36.Ra4  1-0

[Event "Goodricke Open"]
[Site "Calcutta IND"]
[Date "2000.02.11"]
[Round "6"]
[White "Deshmukh,A"]
[Black "Ganguly,S"]
[Result "1/2-1/2"]
[WhiteElo "2335"]
[BlackElo "2440"]

1.d4 d5 2.c4 dxc4 3.e4 Nf6 4.Nc3 e5 5.Bxc4 exd4 6.Qb3 Qe7 7.Nb5 Nxe4 8.Ne2 a6
9.Nbxd4 Qb4+ 10.Nc3 Qxb3 11.axb3 Nxc3 12.bxc3 Bc5 13.Nb5 O-O 14.Nxc7 Ra7
15.Be3 Bxe3 16.fxe3 Nc6 17.Nd5 b5 18.Be2 Be6 19.c4 bxc4  1/2-1/2

[Event "Petroff Mem Open"]
[Site "St Petersburg RUS"]
[Date "2000.02.14"]
[Round "7"]
[White "Polovodin,I"]
[Black "Eliseev,A"]
[Result "1-0"]
[WhiteElo "2434"]
[BlackElo "2325"]

1.d4 d5 2.c4 dxc4 3.e4 Nc6 4.Be3 Nf6 5.Nc3 e5 6.d5 Na5 7.Qa4+ c6 8.dxc6 Nxc6
9.Nf3 Ng4 10.Bxc4 Bb4 11.Rd1 Bd7 12.O-O Bxc3 13.bxc3 Nxe3 14.fxe3 Qe7 15.Ng5 f6
16.Nf7 a5 17.Qb3 a4 18.Qxb7 Ra7 19.Qb6 Kf8 20.Nxh8 Be8 21.Bd5 Rc7 22.Nf7  1-0

[Event "FSGM February"]
[Site "Budapest HUN"]
[Date "2000.02.15"]
[Round "11"]
[White "Wang Rui"]
[Black "Zhang Pengxiang"]
[Result "0-1"]
[WhiteElo "2496"]
[BlackElo "2562"]

1.d4 d5 2.c4 dxc4 3.e4 Nf6 4.Nc3 e5 5.d5 c6 6.Nf3 Bb4 7.Bxc4 Bxc3+ 8.bxc3 Nxe4
9.Ba3 Nd6 10.Nxe5 O-O 11.O-O Nxc4 12.Nxc4 Re8 13.d6 Be6 14.Ne3 Nd7 15.c4 Qa5
16.Bb2 Rad8 17.Qd4 f6 18.Bc3 Qc5 19.Qf4 Ne5 20.Rab1 b6 21.Bb4 Nd3 22.Bxc5 Nxf4
23.Ba3 c5 24.Rfd1 Ne2+ 25.Kf1 Nc3 26.Ra1 Nxd1 27.Rxd1 Rd7  0-1

[Event "Masters KO"]
[Site "Cannes FRA"]
[Date "2000.02.22"]
[Round "5.2"]
[White "Savchenko,S"]
[Black "Tkachiev,V"]
[Result "1/2-1/2"]
[WhiteElo "2574"]
[BlackElo "2670"]

1.d4 d5 2.c4 dxc4 3.e4 e5 4.Nf3 Bb4+ 5.Nc3 exd4 6.Nxd4 Ne7 7.Bxc4 Nbc6 8.Be3 O-O
9.O-O Nxd4 10.Bxd4 Nc6 11.Be3 Bxc3 12.bxc3  1/2-1/2

[Event "Oz.com qualifier blitz"]
[Site "Internet ICC"]
[Date "2000.03.05"]
[Round "2"]
[White "Halldorsson,Br"]
[Black "Adla,D"]
[Result "0-1"]
[WhiteElo "2243"]
[BlackElo "2492"]

1.d4 d5 2.c4 dxc4 3.e4 Nf6 4.e5 Nd5 5.Bxc4 Nb6 6.Bb3 Nc6 7.Be3 Bf5 8.Nf3 e6
9.O-O Be7 10.Nc3 Na5 11.Bc2 Bxc2 12.Qxc2 O-O 13.Rad1 Nc6 14.Qe4 Qd7 15.d5 Nxd5
16.Nxd5 exd5 17.Rxd5 Qe6 18.Rfd1 Rfd8 19.h3 Rxd5 20.Rxd5 a6 21.a3 h6 22.Nd4 Nxd4
23.Qxd4 Re8 24.f4 c6 25.Rd7 Bc5 26.Qxc5 Qxd7 27.Qb6 Qd3 28.Kf2 Qb5 29.Qd4 c5
30.Qxc5 Qxb2+ 31.Kg1 Qb1+ 32.Kh2 Qe4 33.Kg3 Re6  0-1

[Event "Oz.com qualifier blitz"]
[Site "Internet ICC"]
[Date "2000.03.05"]
[Round "7"]
[White "Dlugy,M"]
[Black "Adla,D"]
[Result "0-1"]
[WhiteElo "2531"]
[BlackElo "2492"]

1.d4 d5 2.c4 dxc4 3.e4 Nf6 4.e5 Nd5 5.Bxc4 Nb6 6.Bb3 Nc6 7.Ne2 Bf5 8.Nbc3 e6
9.a3 Be7 10.Be3 O-O 11.Ba2 Qd7 12.O-O Rfd8 13.Qc1 Bf8 14.Rd1 Ne7 15.Ng3 Bg6
16.Bg5 h6 17.Bh4 Re8 18.Bxe7 Qxe7 19.Nge4 Red8 20.Nc5 c6 21.Qe3 Nd5 22.Qg3 b6
23.N5e4 Rd7 24.Qf3 Qh4 25.Ng3 Rc8 26.Rac1 Nxc3 27.Qxc3 Rcd8 28.Qxc6 Rxd4
29.Re1 Rd2 30.Bb1 Bxb1 31.Rxb1 Bc5 32.Rf1 Bxf2+ 33.Rxf2 Rxf2 34.Kxf2 Qd4+
35.Ke1 Qd2+ 36.Kf1 Qd3+  0-1

[Event "16th Spring Festival"]
[Site "Budapest HUN"]
[Date "2000.03.23"]
[Round "7"]
[White "Jakab,A"]
[Black "Vass,V"]
[Result "1/2-1/2"]
[WhiteElo "2354"]
[BlackElo "2154"]

1.d4 d5 2.c4 dxc4 3.e4 e5 4.Nf3 exd4 5.Bxc4 Nc6 6.O-O Be6 7.Bxe6 fxe6 8.Qb3 Qd7
9.Qxb7 Rb8 10.Qa6 Nf6 11.Nbd2 Bd6 12.a3 O-O 13.b4 e5 14.Qd3 Ne7 15.Nc4 Ng6
16.Bd2 Nh5 17.Rac1 Kh8 18.Rfe1 Nhf4  1/2-1/2

[Event "ch-ISL (team)"]
[Site "Reykjavik ISL"]
[Date "2000.03.24"]
[Round "?"]
[White "Einarsson,H"]
[Black "Thorhallsson,T"]
[Result "0-1"]
[WhiteElo "2315"]
[BlackElo "2489"]

1.d4 d5 2.c4 dxc4 3.e4 Nc6 4.Be3 Nf6 5.f3 e5 6.d5 Ne7 7.Nc3 a6 8.a4 Ng6 9.Bxc4 Bd6
10.Nge2 O-O 11.O-O Qe7 12.Qe1 Nd7 13.g4 Nf4 14.Nxf4 exf4 15.Bd4 Ne5 16.Bb3 Bd7
17.Qf2 Rae8 18.Rad1 h5 19.h3 Qg5 20.h4 Qg6 21.g5 Bh3 22.Rfe1 f6 23.Kh2 fxg5
24.hxg5 Bd7 25.Rg1 Ng4+ 26.fxg4 hxg4 27.Kg2 g3  0-1

[Event "Women's Open"]
[Site "St Petersburg RUS"]
[Date "2000.04.08"]
[Round "2"]
[White "Idrisova,R"]
[Black "Stjazhkina,O"]
[Result "0-1"]
[WhiteElo "2139"]
[BlackElo "2319"]

1.d4 d5 2.c4 dxc4 3.e4 Nf6 4.e5 Nd5 5.Bxc4 Nb6 6.Bd3 Nc6 7.Be3 Nb4 8.Be4 f5
9.exf6 exf6 10.a3 f5 11.axb4 fxe4 12.Qh5+ g6 13.Qe5+ Kf7 14.Nc3 Bxb4 15.Bh6 Qf6
16.Qxc7+ Bd7 17.Nh3 Rhc8 18.Qxb7 Rxc3 19.bxc3 Bxc3+ 20.Ke2 Kg8 21.Rhb1 Qxd4
22.Qxa8+ Nxa8 23.Rb8+ Kf7 24.Ng5+ Ke7 25.Bf8+ Kf6 26.Nxh7+ Kf5 27.g4+ Kxg4
28.Rg1+ Kh5 29.Rg5+ Kh4 30.Rg3 Qd2+ 31.Kf1 Bh3+  0-1

[Event "Open"]
[Site "Dos Hermanas ESP"]
[Date "2000.04.13"]
[Round "7"]
[White "Pogorelov,R"]
[Black "Magem Badals,J"]
[Result "1/2-1/2"]
[WhiteElo "2455"]
[BlackElo "2529"]

1.d4 d5 2.c4 dxc4 3.e4 Nf6 4.e5 Nd5 5.Bxc4 Nc6 6.Ne2 Nb6 7.Bb3 Bf5 8.Nbc3 e6
9.a3 Qd7 10.O-O O-O-O 11.Be3 Be7 12.Na4 Kb8 13.Rc1 f6 14.exf6 Bxf6 15.Nc5 Qd6
16.Bf4 e5 17.Bg3 g6 18.d5 Ne7 19.Ne6 Rd7 20.Nc5 Rdd8 21.Ne6 Rd7 22.Nc5  1/2-1/2

[Event "Women's Open"]
[Site "St Petersburg RUS"]
[Date "2000.04.14"]
[Round "8"]
[White "Idrisova,R"]
[Black "Shushpanova,N"]
[Result "1-0"]
[WhiteElo "2139"]
[BlackElo "2063"]

1.d4 d5 2.c4 dxc4 3.e4 Nf6 4.e5 Nd5 5.Bxc4 Nb6 6.Bd3 Nc6 7.Be3 Nb4 8.Be4 c6
9.Nc3 Be6 10.a3 N4d5 11.Nge2 Nxc3 12.bxc3 Bd5 13.f3 Bxe4 14.fxe4 e6 15.Qb3 Be7
16.O-O O-O 17.a4 c5 18.a5 cxd4 19.cxd4 Nd7 20.Qxb7 Rb8 21.Qa6 Rb3 22.Rf3 Qa8
23.Qc4 Qb7 24.a6 Rb1+ 25.Rxb1 Qxb1+ 26.Qc1 Qxe4 27.Qc7 Bg5 28.Bxg5 Qxe2 29.Qxd7 Qxa6
30.h3 h6 31.Be7 Rb8 32.Kh2 Qb7 33.Qxb7 Rxb7 34.Bc5 a5 35.Ra3 Rb5 36.Bd6 Rd5
37.Bc5 f6 38.exf6 gxf6 39.Rxa5 Kf7 40.Ra7+ Kg6 41.Rc7 e5 42.dxe5 Rxe5 43.Bf8 h5
44.Rg7+ Kf5 45.Rh7 Kg6 46.Rd7 Rb5 47.Be7 Re5 48.Bb4 Re3 49.Rd6 Kf7 50.Bc5 Re5
51.Bd4 Rf5 52.h4 Rf1 53.g3 Rf5 54.Kg2 Ke7 55.Rc6 Kf7 56.Rc5  1-0

[Event "VI Leonardo Di Bona"]
[Site "Cutro ITA"]
[Date "2000.05.03"]
[Round "7"]
[White "Skembris,S"]
[Black "Aleksic,N1"]
[Result "1-0"]
[WhiteElo "2481"]
[BlackElo "2405"]

1.d4 d5 2.c4 dxc4 3.e4 c5 4.d5 Nf6 5.Nc3 b5 6.e5 b4 7.Nb5 a6 8.Qa4 Bd7 9.Bxc4 Qb6
10.exf6 Bxb5 11.fxg7 Bxg7 12.Qb3 Nd7 13.Nf3 Qd6 14.O-O Ne5 15.Nxe5 Bxe5 16.g3 h5
17.a3 h4 18.Bxb5+ axb5 19.Bg5 hxg3 20.fxg3 f6 21.Bf4 Bxf4 22.Rxf4 c4 23.Qe3 bxa3
24.bxa3 Qe5 25.Qxe5 fxe5 26.Re4 Kd7 27.Rxe5 Kd6 28.Re6+ Kxd5 29.Rxe7 c3 30.Rc7 b4
31.Rd1+ Ke6 32.axb4 Ra2 33.h4 Rd2 34.Re1+  1-0

[Event "ch-NED"]
[Site "Rotterdam NED"]
[Date "2000.05.08"]
[Round "2"]
[White "Piket,Je"]
[Black "Van den Doel,E"]
[Result "1-0"]
[WhiteElo "2633"]
[BlackElo "2522"]

1.d4 d5 2.c4 dxc4 3.e4 Nf6 4.e5 Nd5 5.Bxc4 Nb6 6.Bb3 Nc6 7.Ne2 Bf5 8.Nbc3 e6
9.a3 Qd7 10.Be3 O-O-O 11.Rc1 Kb8 12.O-O h5 13.Bc2 Bxc2 14.Qxc2 f6 15.Rfd1 Ne7
16.Nf4 Ned5 17.Ncxd5 Nxd5 18.Nxd5 exd5 19.e6 Qc8 20.Bf4 Bd6 21.e7 Bxf4 22.exd8=Q Rxd8
23.Rb1 Qg4 24.Re1 Bd6 25.Qd3 h4 26.Re3 a6 27.Rbe1 Ka7 28.Rf3 Qd7 29.Qg6 Rh8
30.h3 c6 31.b4 Bb8 32.Kf1 Qc7 33.Rfe3 Qf4 34.Qxg7 Rd8 35.Qg4 Qh2 36.Re6 f5
37.Qg5 Rf8 38.Ke2 Qc7 39.Qxh4 Rg8 40.Qe7 Qf4 41.g3  1-0

[Event "3rd Open"]
[Site "Tanta City EGY"]
[Date "2000.05.09"]
[Round "6"]
[White "Abdel Razik,K"]
[Black "El Arousy,A"]
[Result "0-1"]
[WhiteElo "2318"]
[BlackElo "2319"]

1.d4 d5 2.c4 dxc4 3.e4 Nc6 4.Nf3 Bg4 5.Bxc4 e6 6.Be3 Nf6 7.e5 Bb4+ 8.Ke2 Nd5
9.Qb3 Nxd4+ 10.Bxd4 Nf4+ 11.Kf1 Bxf3 12.Qxb4 Bxg2+ 13.Ke1 Bxh1 14.Nc3 a5
15.Qb5+ Bc6 16.Qc5 Qd7 17.Rd1 b6 18.Qa3 Qe7 19.Qxe7+ Kxe7  0-1

[Event "ch-RUS Women"]
[Site "Elista RUS"]
[Date "2000.05.14"]
[Round "4"]
[White "Shumiakina,T"]
[Black "Stjazhkina,O"]
[Result "1/2-1/2"]
[WhiteElo "2365"]
[BlackElo "2319"]

1.d4 d5 2.c4 dxc4 3.e4 Nf6 4.e5 Nd5 5.Bxc4 Nb6 6.Bb3 Nc6 7.Ne2 Bf5 8.Nbc3 e6
9.a3 Be7 10.O-O Qd7 11.Be3 O-O-O 12.Rc1 f6 13.exf6 gxf6 14.Ba2 Rhg8 15.b4 Kb8
16.Bb3 Bg4 17.f3 Bh5 18.Na4 Nd5 19.Bxd5 Qxd5 20.Nf4 Qf5 21.Qc2 Qxc2 22.Rxc2 Bf7  1/2-1/2

[Event "Leonid Stein Mem B"]
[Site "Lviv UKR"]
[Date "2000.05.14"]
[Round "3"]
[White "Sulypa,A"]
[Black "Maksimenko,A"]
[Result "0-1"]
[WhiteElo "2449"]
[BlackElo "2495"]

1.d4 d5 2.c4 dxc4 3.e4 Nf6 4.e5 Nd5 5.Bxc4 Nb6 6.Bb3 Nc6 7.Ne2 Bf5 8.Nbc3 e6
9.a3 Qd7 10.Be3 Be7 11.O-O O-O-O 12.Rc1 Na5 13.Ba2 Nac4 14.Ng3 Bg6 15.Qe2 Nxe3
16.fxe3 Kb8 17.Nge4 Nd5 18.b4 Nxc3 19.Nxc3 f6 20.exf6 Bxf6 21.Bb3 c6 22.Rfd1 Qe7
23.Na4 Rd6 24.Nc5 Rhd8 25.Qg4 e5 26.d5 Bg5 27.Qh3 cxd5 28.Rxd5 Rxd5 29.Bxd5 Bf5
30.Qxf5 Bxe3+ 31.Kh1 Bxc1 32.Bf3 Bxa3 33.Qe4 Rd4 34.Na6+ Kc8 35.Qc2+ Kd8
36.Nc5 e4 37.Nxe4 Bxb4 38.h3 Qc7 39.Qb2 Qe5 40.Qa2 Rxe4 41.Qg8+ Kc7 42.Qf7+ Be7  0-1

[Event "ch-IND"]
[Site "Mumbai IND"]
[Date "2000.05.18"]
[Round "4"]
[White "Neelotpal,D"]
[Black "Sareen,V"]
[Result "1/2-1/2"]
[WhiteElo "2436"]
[BlackElo "2351"]

1.d4 d5 2.c4 dxc4 3.e4 Nf6 4.e5 Nd5 5.Bxc4 Nb6 6.Bb3 Nc6 7.Ne2 Bg4 8.f3 Bf5
9.Nbc3 e6 10.O-O Na5 11.Be3 Nxb3 12.Qxb3 Bd3 13.Rfd1 Bc4 14.Qc2 Bxe2 15.Qxe2 Qd7
16.Bg5 h6 17.Bh4 Be7 18.Bxe7 Qxe7 19.a4 a5 20.Qb5+ Qd7 21.Qc5 Nd5 22.Nxd5 exd5
23.Rdc1 c6 24.Ra3 Qe7 25.Rb3 Qxc5 26.Rxc5 Ra7 27.f4 g6 28.Rc2 Ke7 29.h4 Ke6
30.h5 gxh5 31.Kf2 Kf5 32.g3 Rg8 33.Rc1 h4  1/2-1/2

[Event "Open"]
[Site "Pula CRO"]
[Date "2000.05.21"]
[Round "6"]
[White "Medancic,R"]
[Black "Weglarz,L"]
[Result "0-1"]
[WhiteElo "2304"]
[BlackElo "2387"]

1.d4 d5 2.c4 dxc4 3.e4 Nc6 4.Be3 Nf6 5.f3 e5 6.d5 Nd4 7.Bxd4 exd4 8.Qxd4 c6
9.Qe5+ Be7 10.dxc6 O-O 11.Bxc4 Ng4 12.fxg4 Bh4+ 13.g3 Bf6 14.Qb5 bxc6 15.Qb3 Be6
16.Nd2 Rb8 17.Qd3 Qxd3 18.Bxd3 Rfd8 19.Bc2 Rxb2 20.O-O-O Rxa2 21.Ngf3 Rb8
22.e5 Be7 23.Nb1 Bxg4 24.Rd3 c5 25.Rf1 c4 26.Rd4 Be6 27.Rfd1 g6 28.h4 h6
29.Nc3 Ra3 30.Kd2 Bb4 31.Ke2 Rxc3 32.Rd8+ Rxd8 33.Rxd8+ Kg7 34.Be4 Bc5 35.Bb7 Re3+
36.Kd2 Rb3 37.Ba8 a5 38.Ne1 Bb4+ 39.Ke2 Rb2+  0-1

[Event "Open A"]
[Site "Lido Estensi ITA"]
[Date "2000.05.27"]
[Round "1"]
[White "Razuvaev,Y"]
[Black "Wagman,S"]
[Result "1-0"]
[WhiteElo "2548"]
[BlackElo "2188"]

1.d4 d5 2.c4 dxc4 3.e4 c5 4.d5 e6 5.Nc3 Nf6 6.Bxc4 exd5 7.Nxd5 Nxd5 8.Bxd5 Bd6
9.Nf3 O-O 10.O-O Qc7 11.Be3 Na6 12.a3 Rb8 13.Rc1 b5 14.b4 Bg4 15.h3 Bxf3
16.Qxf3 Qe7 17.Qg4 Kh8 18.Rfd1 cxb4 19.Rc6 Nc7 20.Bb3 Ne8 21.axb4 Rd8 22.Qf5 Bxb4
23.Rxd8 Qxd8 24.Rc8 Qe7 25.Qxb5 Qxe4 26.Bxf7 Nf6 27.Rxf8+ Bxf8 28.Ba2 Qc2
29.Bb3 Qc7 30.g4 h6 31.Qf5 Be7 32.h4 Qc3 33.Bc2 Kg8 34.Qe6+  1-0

[Event "Bank Pocztowy Open"]
[Site "Bydgoszcz POL"]
[Date "2000.05.30"]
[Round "3"]
[White "Szymanski,M"]
[Black "Makarov,M"]
[Result "1/2-1/2"]
[WhiteElo "2335"]
[BlackElo "2513"]

1.d4 d5 2.c4 dxc4 3.e4 Nf6 4.e5 Nd5 5.Bxc4 Nb6 6.Bb3 Nc6 7.Be3 Bf5 8.Ne2 e6
9.Nbc3 Qd7 10.O-O O-O-O 11.Bc2 f6 12.exf6 gxf6 13.Bxf5 exf5 14.Qb3 Nd5 15.Rad1 Bb4
16.Nxd5 Qxd5 17.Qxd5 Rxd5 18.a3 Be7  1/2-1/2

[Event "FSGM June"]
[Site "Budapest HUN"]
[Date "2000.06.03"]
[Round "1"]
[White "Jakab,A"]
[Black "Nguyen Anh Dung"]
[Result "0-1"]
[WhiteElo "2354"]
[BlackElo "2496"]

1.d4 d5 2.c4 dxc4 3.e4 e5 4.Nf3 exd4 5.Bxc4 Nc6 6.O-O Be6 7.Bxe6 fxe6 8.Qb3 Qd7
9.Qxb7 Rb8 10.Qa6 Bc5 11.Nbd2 Nge7 12.Qd3 O-O 13.Nc4 Ng6 14.Bd2 Bd6 15.Nxd6 Qxd6
16.b3 Rf6 17.Rac1 e5 18.Qc4+ Kh8 19.Qd5 h6 20.Qxd6 Rxd6 21.Rc5 Re6 22.Rfc1 Nge7
23.Ne1 Kg8 24.Nd3 g5 25.b4 a6 26.f3 Kg7 27.a3 Kf6 28.Kf2 Rb6 29.h4 Ng6 30.hxg5+ hxg5
31.Rd5 Rd6 32.Nc5 Nb8 33.Rh1 a5 34.Rxd6+ cxd6 35.Nd3 Nf4 36.Nxf4 gxf4 37.Ke2 axb4
38.Bxb4 Na6 39.Rh6+ Ke7 40.Rh7+ Ke6 41.Ba5 Rb2+ 42.Kf1 Nc5 43.Kg1 d3 44.Rh6+ Kd7
45.Rh1 Rb1+ 46.Kh2 Rxh1+ 47.Kxh1 Nb3  0-1

[Event "NOR Team-ch"]
[Site "Oslo NOR"]
[Date "2000.06.04"]
[Round "5"]
[White "Lahlum,H"]
[Black "Heim,S"]
[Result "0-1"]
[WhiteElo "2215"]
[BlackElo "2366"]

1.d4 d5 2.c4 dxc4 3.e4 Nc6 4.d5 Ne5 5.Qd4 Nd3+ 6.Bxd3 cxd3 7.Nc3 e6 8.Nf3 Nf6
9.Bf4 a6 10.O-O Be7 11.Rad1 O-O 12.Rxd3 exd5 13.exd5 Bf5 14.Rd2 h6 15.d6 Bxd6
16.Bxd6 Qxd6 17.Qxd6 cxd6 18.Rxd6 Ne4 19.Nxe4 Bxe4 20.Re1 Rfe8 21.Kf1 Kf8
22.Re3 Rac8 23.Ke2 Rc2+ 24.Rd2 Bxf3+ 25.gxf3 Rec8 26.Rd3 R8c7 27.Kf1 Rxd2
28.Rxd2 Ke7 29.Kg2 b5 30.Kg3 Rc6 31.Kf4 Rc4+ 32.Kg3 g5 33.Kh3 Ke6 34.Kg3 a5
35.Kh3 a4 36.Kg3 h5 37.Kg2 f6 38.Kg3 Ke5 39.Kg2 Rd4 40.Re2+ Kd5 41.Rc2 b4
42.Rc8 Ke5 43.Ra8 Rd2 44.Ra5+ Ke6 45.Rxa4 Rxb2 46.Ra6+ Kd5 47.Rxf6 Rxa2 48.Rf5+ Kc4
49.Rxg5 b3 50.Rg8 Ra5 51.Rc8+ Rc5 52.Rb8 Rb5 53.Rc8+ Kb4 54.Rc1 b2 55.Rb1 Kc3
56.f4 Kc2 57.Re1 b1=Q 58.Rxb1 Rxb1 59.Kf3 Kd3 60.f5 Rb4  0-1

[Event "FSGM June"]
[Site "Budapest HUN"]
[Date "2000.06.05"]
[Round "3"]
[White "Markus,R"]
[Black "Nguyen Anh Dung"]
[Result "1/2-1/2"]
[WhiteElo "2436"]
[BlackElo "2496"]

1.d4 d5 2.c4 dxc4 3.e4 e5 4.Nf3 exd4 5.Bxc4 Nc6 6.O-O Be6 7.Bxe6 fxe6 8.Qb3 Qd7
9.Qxb7 Rb8 10.Qa6 Nf6 11.Nbd2 Bd6 12.Qe2 d3 13.Qe3 O-O 14.e5 Ng4 15.Qxd3 Ncxe5
16.Nxe5 Nxe5 17.Qe2 Rb4 18.Ne4 Qc6 19.Re1 Qd5 20.Nxd6 cxd6 21.f4  1/2-1/2

[Event "FSGM June"]
[Site "Budapest HUN"]
[Date "2000.06.07"]
[Round "5"]
[White "Postny,E"]
[Black "Kallio,H"]
[Result "0-1"]
[WhiteElo "2424"]
[BlackElo "2452"]

1.d4 d5 2.c4 dxc4 3.e4 Nc6 4.Be3 Nf6 5.f3 e5 6.d5 Ne7 7.Nc3 Ng6 8.Bxc4 a6
9.Nge2 Bd6 10.Qd2 O-O 11.O-O-O Bd7 12.Bb3 a5 13.Ba4 Bxa4 14.Nxa4 Qe7 15.Ng3 Rfc8
16.Kb1 Qe8 17.Nc5 b6 18.Nd3 c5 19.dxc6 Qxc6 20.Rc1 Qb5 21.Nf5 Bf8 22.Rhd1 Ne8
23.Nf2 Ba3 24.Rc2 Ne7 25.Nxe7+ Bxe7 26.Qd7 Qxd7 27.Rxd7 Rxc2 28.Kxc2 Bd8
29.Nd1 g6 30.Nc3 Rb8 31.Rd5 Nc7 32.Rxd8+ Rxd8 33.Bxb6 Rc8 34.Bxa5 f5 35.a4 Ne6
36.Bb6 Nf4 37.a5 Nxg2 38.a6 Ne1+ 39.Kd1 Nd3 40.Nd5 Nxb2+ 41.Ke1 Rc1+ 42.Kf2 Ra1
43.a7 Nc4 44.Bc5 Ra2+ 45.Ke1 Nd2 46.Nc7 Nxf3+ 47.Kd1 Nxh2 48.exf5 gxf5 49.a8=Q+ Rxa8
50.Nxa8 Kf7 51.Nc7 f4 52.Ke2 Kf6 53.Nb5 Ke6 54.Bg1 Ng4 55.Kf3 h5 56.Nc3 Nf6
57.Nb5 Nh7 58.Bf2 Ng5+ 59.Ke2 e4 60.Nd4+ Ke5  0-1

[Event "FSGM June"]
[Site "Budapest HUN"]
[Date "2000.06.09"]
[Round "7"]
[White "Postny,E"]
[Black "Kallai,G"]
[Result "1/2-1/2"]
[WhiteElo "2424"]
[BlackElo "2489"]

1.d4 d5 2.c4 dxc4 3.e4 Nf6 4.e5 Nd5 5.Bxc4 Nb6 6.Bd3 Nc6 7.Ne2 Bg4 8.f3 Be6
9.Nbc3 Bd5 10.O-O e6 11.a3 Qd7 12.Bg5 Be7 13.Bxe7 Nxe7 14.Ne4 Bxe4 15.Bxe4 Nbd5
16.Qb3 O-O 17.Rfd1 c6 18.Rac1 Rad8 19.Bb1 f5 20.Ba2 Qc7  1/2-1/2